000 00704nam a2200205Ia 4500
001 21085
003 GE_BSU
008 181216s||||||||xx |||||||||||||| ||und||
040 _cGE_BSU
245 _aРеферативный журнал, №2.2017.Литературоведение
245 _bРаздел. Социальные и гуманитарные науки
245 _cгл.ред.Цурганова Е.А.и др.
260 _aМосква
260 _c2017
300 _a206 стр. 20см.
653 _aПериодика
653 _aРеферативный журнал, №2.2017.Литературоведение
653 _aპერიოდიკა
942 _cCR
999 _c54033
_d54033